000 01140nem0a2200301 4500
001 RU\NLR\cart\8078
005 20250614031131.0
035 _a(NLR Aleph) 010295655
090 _a10569840
_c10569840
100 _a20121226d1927 |||y0rusy50 ca
101 0 _arus
102 _aRU
120 _abya xx||
123 1 _aa
_b210 000
200 1 _aИнгушетия. Природно-экономические районы. 1925 г.
_bКарты
206 _a[1:210 000, 2,1 км в 1 см]
210 _aВладикавказ
_cГостипо-литогр. "Красный Октябрь"
_d[1927]
215 _a1 л.
_cцв., текст
_d59х34 (72х39) см
509 0 1 _aИнгушетия
606 0 _aЭкономическое районирование
_92177955
_3RU\NLR\auth_crt\66111
606 0 _aПромышленность
_jкарты
_xКомплексные
_92178479
_3RU\NLR\auth_crt\66337
606 0 _aКлиматические
_92177883
_3RU\NLR\auth_crt\6676
620 _aРоссия
801 0 _aRU
_bNLR
_c20121226
_gPSBO
852 _aNLR
_bК
_j4-Кав 2/59
_m1389
942 _cMAP
980 _aNB